| 000 | 01514nam0a22003251 4500 | ||
|---|---|---|---|
| 001 | 2561959 | ||
| 005 | 20260407112601.0 | ||
| 021 |
_aRU _b80-30192 |
||
| 035 | _a(NLR Aleph) 006446991 | ||
| 090 |
_a5698986 _c5698986 |
||
| 100 | _a20110316d1979 u y0rusy50 ca | ||
| 101 | 0 | _arus | |
| 102 | _aRU | ||
| 105 | _ay z ||||| | ||
| 200 | 1 |
_aНормирование расхода материалов на сооружение буровых _e(Сб. материалов) _fПроизв. об-ние "Татнефть" им. В.Д. Шашина и др. _gК. э. н. Рихельгоф Р.И. и Кондрашкина Т.В. |
|
| 210 |
_aМосква _cВНИИОЭНГ _d1979 |
||
| 215 |
_a232 с. _d21 |
||
| 300 | _aВ надзаг. также: Тат. гос. н.-и. и проект. ин-т нефт. пром-сти, ВНИИ орг., упр. и экономики нефтегазовой пром-сти | ||
| 320 | _aБиблиогр. в конце статей | ||
| 686 |
_aИ131-5-081-307,7я828 _2rubbk |
||
| 702 | 1 |
_aКондрашкина _bТ.В. _4220 |
|
| 702 | 1 |
_aРихельгоф _bР.И. _gРудольф Иосфович _4220 |
|
| 712 | 0 | 2 |
_aВНИИ организации, управления и экономики нефтегазовой промышленности _9377182 _3RU\NLR\AUTH\889941164 |
| 801 | 0 |
_aRU _bNLR _gpsbo |
|
| 801 | 1 |
_aRU _bELAR _2rusmarc |
|
| 852 |
_aNLR _jDesideratum |
||
| 899 |
_aRuMoRGB _jM 80-2/289 |
||
| 899 |
_aRuMoRGB _jСВТ |
||
| 942 | _cBOOK | ||
| 980 | _aNB | ||